00338nam a2200121Ia 4500008004100000041001200041082001800053100003500071245004400106260002600150300001200176650002800188231217s9999 xx 000 0 und d aEnglish a001.6404 GOD aGodse, Atul P Godse, Deepali A 0aIntroduction to microprocessors 4th sem c2004bTechnicalaPune axvi+520 amicroprocessors,4th,sem